¿Quiénes son? ¿Por qué crecen? ¿En qué creen?: pentecostalismo y política en América Latina /
En este análisis, se investiga el fenómeno del pentecostalismo y su relación con la política en América Latina. El autor aborda las preguntas fundamentales que rodean a este movimiento religioso en la región. Examina quiénes son los seguidores del pentecostalismo, qué factores contribuyen a su creci...
Gespeichert in:
| 1. Verfasser: | |
|---|---|
| Format: | Buch |
| Sprache: | Spanish |
| Schlagworte: | |
| Online Zugang: | texto completo desde el sitio de la revista |
| Tags: |
Tag hinzufügen
Keine Tags, Fügen Sie den ersten Tag hinzu!
|
MARC
| LEADER | 00000nam a22000007a 4500 | ||
|---|---|---|---|
| 003 | cru CIDCACS/IIS | ||
| 005 | 20230902181305.0 | ||
| 007 | ta | ||
| 008 | 190919s2019 ag |||p|r||||||0| ||spa|d | ||
| 040 | |c cru CIDCACS/IIS | ||
| 100 | 1 | |a Semán, Pablo |9 4974 | |
| 245 | 1 | 1 | |a ¿Quiénes son? ¿Por qué crecen? ¿En qué creen?: |b pentecostalismo y política en América Latina / |c Pablo Semán |
| 300 | |a páginas 26-46: |b tabla, gráfico | ||
| 520 | |a En este análisis, se investiga el fenómeno del pentecostalismo y su relación con la política en América Latina. El autor aborda las preguntas fundamentales que rodean a este movimiento religioso en la región. Examina quiénes son los seguidores del pentecostalismo, qué factores contribuyen a su crecimiento y cuáles son las creencias centrales que lo sustentan. Además, el autor explora cómo el pentecostalismo se entrelaza con el ámbito político en América Latina, y cómo influye en la formación de identidades y en la participación política de sus seguidores. Se analiza la relación entre las creencias pentecostales y ciertas posiciones políticas, así como el papel de los líderes religiosos en la configuración de discursos políticos. A través de un enfoque interdisciplinario, este trabajo ofrece una visión profunda y matizada de la intersección entre el pentecostalismo y la política en la región. RAR 10/2022 | ||
| 650 | 0 | |2 OCDE |9 3691 |a POLITICA | |
| 650 | 0 | |2 OCDE |9 2788 |a GRUPOS RELIGIOSOS | |
| 650 | 0 | |2 OCDE |9 2795 |a RELIGION | |
| 650 | 0 | |2 OCDE |9 4620 |a IDENTIDAD | |
| 650 | 4 | |2 OCDE |9 3207 |a PARTICIPACION POLITICA | |
| 650 | 0 | |2 UNESCO |9 4613 |a CREENCIA | |
| 650 | 4 | |2 UNESCO |9 1933 |a CAMBIO SOCIAL | |
| 651 | 0 | |2 OCDE |9 17 |a AMERICA LATINA | |
| 773 | 0 | |0 19022 |9 2910 |a Fundación Friedrich Ebert |d Fundación Friedrich Ebert; Nueva Sociedad |o 17049 |t Nueva Sociedad / | |
| 856 | |u https://www.nuso.org/media/articles/downloads/1.TC_Seman.pdf |y texto completo desde el sitio de la revista | ||
| 942 | |2 ddc |c PP | ||
| 999 | |c 42370 |d 42370 | ||
